Satellite remote sensing for assessment of irrigation system performance: a case study in India (Record no. 192951)

MARC details
000 -LEADER
fixed length control field 00496nam a22001697a 4500
003 - CONTROL NUMBER IDENTIFIER
control field OSt
020 ## - INTERNATIONAL STANDARD BOOK NUMBER
International Standard Book Number 92-9090-337-6
082 ## - DEWEY DECIMAL CLASSIFICATION NUMBER
Classification number IIMI/RR.9
100 ## - MAIN ENTRY--PERSONAL NAME
Personal name Thiruvengadachari, S
245 ## - TITLE STATEMENT
Title Satellite remote sensing for assessment of irrigation system performance: a case study in India
260 ## - PUBLICATION, DISTRIBUTION, ETC. (IMPRINT)
Place of publication, distribution, etc Colombo:
Name of publisher, distributor, etc International irrigation management institute,
Date of publication, distribution, etc c1997
300 ## - PHYSICAL DESCRIPTION
Extent 23p.
440 ## - SERIES TITLE
Title Research report:9
546 ## - LANGUAGE
Language note English
700 ## - ADDED ENTRY--PERSONAL NAME
Personal name Sakthivadivel, R
942 ## - ADDED ENTRY ELEMENTS (KOHA)
Source of classification or shelving scheme Dewey Decimal Classification
Koha item type Report
Holdings
Lost status Source of classification or shelving scheme Damaged status Not for loan Home library Current library Date acquired Total Checkouts Full call number Barcode Date last seen Koha item type
  Dewey Decimal Classification     KAU Central Library, Thrissur KAU Central Library, Thrissur 06/09/2019   IIMI/RR.9 207305 06/09/2019 Report
Kerala Agricultural University Central Library
Thrissur-(Dt.), Kerala Pin:- 680656, India
Ph : (+91)(487) 2372219
E-mail: librarian@kau.in
Website: http://library.kau.in/